000 00384nam a2200157Ia 4500
008 230724s2006 xx 000 0 und d
041 _aeng
082 _a342/SIN
100 _aSinghvi L M
245 _aJagadish Swarup Constitution of India
250 _a2nd Ed
260 _aAllahabad
_bModern Law Pub.
_c2006
300 _a1245p.
440 _vI
650 _aCONSTITUTIONAL LAW
999 _c746720
_d746720